000 01651nam2a2200301 4500
001 rc\2915140
005 20260315054422.0
010 _bВ пер.
_d36 р.
_910000
021 _aRU
_b46-18729
035 _a(NLR Aleph) 007065612
090 _a13594054
_c13594054
100 _a20110810d1946 k y0rusy50 ca
101 0 _arus
102 _aRU
105 _aa j |||||
200 0 _aЧ. 2
210 _d1946
215 _a587 с., 4 л. черт.
_cил., черт.
300 _aГл. XI написана инженером Г.К. Швыряевым, гл. XII - инженером Н.К. Короленко
461 0 _1001rc\2915137
_12001#$aОсновы гальваностегии$eутверждено в качестве учебника для втузов цветной металлургии$fВ.И. Лайнер и Н.Т. Кудрявцев$gпод ред. проф. д-ра П.С. Титова$vЧ. 2
_96329538
_aЛайнер, В. И.
_cМосква
_d1943-1946
_e2-е изд., доп. и перераб.
_fВ.И. Лайнер и Н.Т. Кудрявцев
_nиздательство и типография Металлургиздата
_oутверждено в качестве учебника для втузов цветной металлургии
_p2 т.
_tОсновы гальваностегии
_vЧ. 2
701 1 _aШвыряев
_bГ. К.
_gГригорий Константинович
701 1 _aКороленко
_bН. К.
_gНиколай Кузьмич
801 0 _aRU
_bNLR
_gpsbo
801 1 _aRU
_bELAR
_2rusmarc
801 2 _aRU
_bNLR
_c20190212
_2rusmarc
852 _aNLR
_jТ30 Г-5/36 (2)
942 _cUNSPEC
980 _aNB